Star Wars Quotes: Who Said That? - Statistics

General Stats
  • This quiz has been taken 35 times
  • The average score is 6 of 7
Answer Stats
Quote Character % Correct
Never tell me the odds. Han Solo
100%
Do or do not. There is no try. Yoda
100%
Help me Obi Wan Kenobi. You're my only hope. Princess Leia
97%
These aren't the droids you're looking for. Obi Wan Kenobi
90%
It's a Trap! Admiral Ackbar
87%
That's no moon. That's a space station. Obi Wan Kenobi
84%
Aren't you a little short for a stormtrooper. Princess Leia
84%
No matching quizzes found
Score Distribution
Percent of People with Each Score
Percentile by Number Answered
Your Score History
You have not taken this quiz